Bagi pemikiran mu (Bhg 2) (Tamil)

Bibliographic Details
Main Author: Poobalan, V.
Format: Book
Published: Chennai : Penerbitan Jaqya Bakti , 2001
Subjects:

MARC

LEADER 00000cam a2200000 7i4500
001 0000022471
005 20080909.0
008 080729
020 |a 9679007324 
090 0 0 |a 153.42   |b POO 
100 1 |a Poobalan, V. 
245 1 0 |a Bagi pemikiran mu (Bhg 2) (Tamil)   |c V.Poobalan 
260 |a Chennai :   |b Penerbitan Jaqya Bakti ,   |c 2001 
650 0 |a Thought and thinking 
999 |a 0001033164   |b Book   |c Tamil Collection   |e Perbadanan Perpustakaan Awam Johor 
999 |a 0001033165   |b Book   |c Tamil Collection   |e Cawangan Taman Sri Lambak 
999 |a 0001033166   |b Book   |c Tamil Collection   |e Perbadanan Perpustakaan Awam Johor 
999 |a 0001033167   |b Book   |c Tamil Collection   |e Perbadanan Perpustakaan Awam Johor